Referendum o vstupe SR do Európskej únie Komparácia s ostatnými krajinami V 4
Slovensko a jeho situácia po vstupe do EÚ. Referendum o vstupe do EÚ v krajinách V 4. Referendum na Slovensku. Výsledky hlasovania oprávnených občanov SR v referende podľa krajov. Účasť oprávnených občanov SR v referende. Výsledky hlasovania zúčastnených občanov SR v referende.
Na minha lista:
| Autor principal: | |
|---|---|
| Formato: | Capítulo de Livro |
| Idioma: | eslovaco |
| Assuntos: | |
| Tags: |
Sem tags, seja o primeiro a adicionar uma tag!
|
MARC
| LEADER | 00000naa$a2200000$$$4500 | ||
|---|---|---|---|
| 001 | 0009312 | ||
| 005 | 20230929115057.3 | ||
| 041 | 0 | |a slo | |
| 044 | |a SK | ||
| 245 | 1 | 0 | |a Referendum o vstupe SR do Európskej únie |b Komparácia s ostatnými krajinami V 4 |c aut. Eleonóra Mesíková |
| 520 | |a Slovensko a jeho situácia po vstupe do EÚ. Referendum o vstupe do EÚ v krajinách V 4. Referendum na Slovensku. Výsledky hlasovania oprávnených občanov SR v referende podľa krajov. Účasť oprávnených občanov SR v referende. Výsledky hlasovania zúčastnených občanov SR v referende. | ||
| 610 | 2 | 0 | |a referendum |
| 610 | 2 | 0 | |a výsledky volebné |
| 610 | 2 | 0 | |a Slovensko |
| 610 | 2 | 0 | |a Európska únia |
| 610 | 2 | 0 | |a Vyšehradská štvorka |
| 100 | 1 | |a Mesíková, Eleonóra | |